000 00429nam a2200145Ia 4500
008 230917s9999||||xx |||||||||||||| ||und||
040 _e63221
_aMAIN
041 _aEnglish
082 _a780.954 S55F
100 _aSengupta, Pradip Kumar
245 0 _aFoundations of Indian musicology: Perspectives in the philosophy of art and culture
260 _aNew Delhi
_bAbhinav Publications
_c1991
300 _axii, 159 p.
942 _cBK
999 _c64838
_d64838